000 00769nam a2200181Ia 4500
008 151202s9999||||xx |||||||||||||| ||und||
082 _bPNVM-69293
100 _aचाकूरकर राघवेंद्र.
245 _aतुमची दृष्टी तुुमच्या हातात.
260 _b"नवचैतन्य प्रकाशन,बोरोवली."
260 _c69293
300 _a79
600 _aचाकूरकर राघवेंद्र.
630 _aतुमची दृष्टी तुुमच्या हातात.
700 _aचाकूरकर राघवेंद्र.
730 _aतुमची दृष्टी तुुमच्या हातात.
942 _cBOOK
999 _c1335803
_d1335800